Lecture Notes in Computer Science : 3 Jahrestagung Hamburg, 8. - 10. Oktober 1973

Guardado en:
Detalles Bibliográficos
Formato: Seriadas
Lenguaje:alemán
Publicado: 1973
Etiquetas: Agregar Etiqueta
Sin Etiquetas, Sea el primero en etiquetar este registro!

MARC

LEADER 00000nas a22000003a 4500
001 stu263623
005 20141123173621.6
008 130311s1973------------------------ger-d
040 |a STU  |b slo 
041 0 |a ger 
245 |a Lecture Notes in Computer Science :  |b 3 Jahrestagung Hamburg, 8. - 10. Oktober 1973 
260 |c 1973 
773 0 |t Lecture Notes in Computer Science  |w stu_us_cat*stu129293  |x 0302-9743  |7 nnas 
996 |c I*Z1663  |d Vol. 1 GI Gesellschaft fur Informatik e.V., 1973  |v Vol. 1 GI Gesellschaft fur Informatik e.V.  |y 1973  |l I  |s A  |a 24  |w stu263623_0001